00845nam a2200229Ia 450000500170000000800410001702000150005808200190007310000360009224501440012825000180027230000420029065000270033265000260035965000330038565000420041826400320046033600270049233700330051933800280055204000350058020220317000647.0160601s2003 ck a g 000 0 spa  a958200737004a370.114 bS14p1 aSalinas Salázar, Marta Lorena10aPara educar en el valor de la justicia brepresentaciones sociales en el marco de la escuela cMartha Lorena Salinas, Luz Stella Isaza Mesa a1a edición  a245 páginasbilustraciones c21 cm 142LEMBaJusticia social 142LEMB aÉtica social142LEMBaÉtica y educación 142LEMBaValores sociales xEnseñanza  aBogotá bMagisterioc2003 atextobtxt2rdacontent asin mediaciónbn2rdamedia avolumenbnc2rdacarrier aCO-BoRNBPbspaerdacCO-BoRNBP